[Event "45th Olympiad 2024"]
[Site "Budapest HUN"]
[Date "2024.09.11"]
[Round "1.37"]
[Board "1"]
[White "Alrehaili, Ahmed Abdullah S"]
[Black "Cheng, Bobby"]
[Result "1-0"]
[WhiteElo "2117"]
[BlackElo "2588"]
[PlyCount "79"]
[EventDate "2024.09.11"]
[WhiteTeam "Saudi Arabia"]
[BlackTeam "Australia"]
[WhiteTeamCountry "SAU"]
[BlackTeamCountry "AUS"]

1. e4 c5 2. Nf3 d6 3. d4 cxd4 4. Nxd4 Nf6 5. Nc3 a6 6. Be2 e5 7. Nb3 Be7 8. O-O O-O 9. Kh1 h6 ({RR} 9... Nc6 10. Be3 Be6 11. Qd2 a5 12. Rfd1 a4 13. Nc1 Ra5 14. Bf3 a3 15. b3 Qc7 16. Nd3 Rc8 17. Rac1 h6 18. h3 Nd4 19. Bxd4 exd4 20. Ne2 d5 21. e5 Ne4 22. Qe1 Nc3 23. Nxc3 Qxc3 24. Bg4 {1-0 Anand,V (2774)-Polgar,J (2718) Mainz m rapid 2003 (7)}) 10. f4 Nc6 ({RR} 10... Nbd7 11. Qe1 b5 12. a4 b4 13. Nd5 Nxd5 14. exd5 a5 15. c4 bxc3 16. bxc3 Bf6 17. Ra2 Re8 18. Qf2 Ba6 19. Bxa6 Rxa6 20. fxe5 Nxe5 21. Nd4 Qa8 22. Nb5 Re7 23. Ba3 Nc4 24. Re2 Rxe2 25. Qxe2 {0-1 Alshnaiber,Y (1889)-Zhao Zong Yuan (2478) 45th Olympiad 2024 (1.37)}) 11. Qe1 $146 ({RR} 11. f5 b5 12. a3 Bb7 13. Bf3 Rc8 14. g4 Nh7 15. Nd5 Bh4 16. Be3 Ne7 17. Bb6 Qd7 18. Nb4 Ng5 19. Qe2 Nxf3 20. Rxf3 Rc4 21. Nd2 Rcc8 22. Rd1 Bg5 23. Rd3 Bxd2 24. R1xd2 Rc4 25. Re3 a5 {1-0 Lyashchov,V (2108)-Shadura,A (1978) Nevinnomyssk 2012 (5)}) 11... b5 12. a4 bxa4 13. Rxa4 a5 14. Qg3 Kh8 15. Rd1 Bd7 16. fxe5 dxe5 17. Bb5 Bb4 18. Bxc6 Bxc6 19. Rxd8 Raxd8 20. Ra1 Nxe4 21. Qh4 Bxc3 22. Bxh6 gxh6 23. Qxh6+ Kg8 24. Qxc6 Bxb2 25. Qxe4 Bxa1 26. Qg4+ Kh8 27. Nxa1 f5 28. Qh5+ Kg7 29. Nb3 a4 30. Nc5 Rf6 31. Ne6+ Rxe6 32. Qg5+ Kf7 33. Qxd8 Ra6 34. Qc8 Rd6 35. Qxf5+ Kg8 36. h4 a3 37. Qc8+ Kf7 38. Qf5+ Kg8 39. Qg4+ Kh7 40. Qe4+ 1-0

[Event "45th Olympiad 2024"]
[Site "Budapest HUN"]
[Date "2024.09.11"]
[Round "1.37"]
[Board "2"]
[White "Sardana, Rishi"]
[Black "Al Thebaiti, Ahmed M"]
[Result "1-0"]
[WhiteElo "2477"]
[BlackElo "1993"]
[PlyCount "77"]
[EventDate "2024.09.11"]
[WhiteTeam "Australia"]
[BlackTeam "Saudi Arabia"]
[WhiteTeamCountry "AUS"]
[BlackTeamCountry "SAU"]

1. e4 e5 2. Nf3 Nc6 3. Bb5 a6 4. Ba4 Nf6 5. O-O b5 6. Bb3 Bc5 7. c3 d6 8. d4 Bb6 9. Be3 O-O 10. Nbd2 h6 11. h3 Re8 12. Re1 Bb7 13. d5 Ne7 14. Bxb6 cxb6 15. Bc2 ({RR} 15. a4 bxa4 16. Bxa4 b5 17. Bc2 Ng6 18. Bd3 Nh5 19. b4 Ngf4 20. Bf1 f5 21. exf5 Nf6 22. c4 bxc4 23. Nxc4 N4xd5 24. Na5 Qb6 25. Nxb7 Qxb7 26. Bc4 Kh8 27. Bxd5 Nxd5 28. Ra5 Nxb4 29. Qxd6 Rad8 {½-½ Vitiugov,N (2747)-Firouzja,A (2723) Tata Steel-A 82nd 2020 (12)}) 15... Ng6 ({RR} 15... Nd7 16. a4 bxa4 17. Rxa4 b5 18. Ra1 a5 19. Bd3 Qb6 20. Qe2 Ba6 21. b4 a4 22. Reb1 Rec8 23. Ra3 f5 24. Nh4 Nf6 25. Nxf5 Nxf5 26. exf5 Nxd5 27. Be4 Nf4 28. Qe3 Qc7 29. g3 Nxh3+ 30. Kh2 {0-1 Efimenko,Z (2565)-Ashraf,A (2399) Titled Tue 9th Apr Early 2024 (4)}) 16. Bd3 Nd7 17. b4 $146 ({RR} 17. Bf1 Rc8 18. a4 bxa4 19. Qxa4 b5 20. Qa3 Nb6 21. Nb3 f5 22. Na5 Ba8 23. exf5 Nf4 24. Nd2 Bxd5 25. Ne4 Bxe4 26. Rxe4 Qd7 27. Re3 Rf8 28. g3 Nfd5 29. Re2 Qxf5 30. Qxd6 e4 31. Bg2 Rcd8 {0-1 Fier,A (2566)-Georgiev,V (2559) Dieren op 2011 (9)}) ({RR} 17. g3 Rf8 18. b4 f5 19. exf5 Ne7 20. a4 Bxd5 21. axb5 axb5 22. Rxa8 Bxa8 23. g4 Bc6 24. Qe2 Nd5 25. Bxb5 Nf4 26. Qc4+ Bd5 27. Qf1 Qc7 28. Re3 Nf6 29. c4 Bb7 30. Ba4 Kh8 31. Bb3 Re8 {½-½ Mammadzada,G (2371)-Pogonina,N (2492) EU-Cup (Women) 21st 2016 (2.3)}) 17... Qf6 18. Bf1 Rec8 19. Rc1 Rc7 20. Qb3 Rac8 21. c4 Nf4 22. Qe3 Qd8 23. Rc3 bxc4 24. Rxc4 b5 25. Rxc7 Qxc7 26. Nb3 Qc3 27. Qa7 Nxh3+ 28. gxh3 Qxf3 29. Bg2 Qf6 30. Qxb7 Rc2 31. Rf1 Nf8 32. Qb8 g5 33. Na5 Kg7 34. Nb7 Ng6 35. Nxd6 Kh7 36. Ne8 Qf4 37. Qd6 Rc8 38. Nf6+ Kh8 39. Nh5 1-0

[Event "45th Olympiad 2024"]
[Site "Budapest HUN"]
[Date "2024.09.11"]
[Round "1.37"]
[Board "3"]
[White "Alshnaiber, Yazeed"]
[Black "Zhao, Zong-Yuan"]
[Result "0-1"]
[WhiteElo "1889"]
[BlackElo "2478"]
[PlyCount "96"]
[EventDate "2024.09.11"]
[WhiteTeam "Saudi Arabia"]
[BlackTeam "Australia"]
[WhiteTeamCountry "SAU"]
[BlackTeamCountry "AUS"]

1. e4 c5 2. Nf3 d6 3. d4 cxd4 4. Nxd4 Nf6 5. Nc3 a6 6. Be2 e5 7. Nb3 Be7 8. O-O O-O 9. Kh1 h6 ({RR} 9... Nc6 10. Be3 Be6 11. Qd2 a5 12. Rfd1 a4 13. Nc1 Ra5 14. Bf3 a3 15. b3 Qc7 16. Nd3 Rc8 17. Rac1 h6 18. h3 Nd4 19. Bxd4 exd4 20. Ne2 d5 21. e5 Ne4 22. Qe1 Nc3 23. Nxc3 Qxc3 24. Bg4 {1-0 Anand,V (2774)-Polgar,J (2718) Mainz m rapid 2003 (7)}) 10. f4 Nbd7 $146 ({RR} 10... Nc6 11. f5 b5 12. a3 Bb7 13. Bf3 Rc8 14. g4 Nh7 15. Nd5 Bh4 16. Be3 Ne7 17. Bb6 Qd7 18. Nb4 Ng5 19. Qe2 Nxf3 20. Rxf3 Rc4 21. Nd2 Rcc8 22. Rd1 Bg5 23. Rd3 Bxd2 24. R1xd2 Rc4 25. Re3 {1-0 Lyashchov,V (2108)-Shadura,A (1978) Nevinnomyssk 2012 (5)}) ({RR} 10... Nc6 11. Qe1 b5 12. a4 bxa4 13. Rxa4 a5 14. Qg3 Kh8 15. Rd1 Bd7 16. fxe5 dxe5 17. Bb5 Bb4 18. Bxc6 Bxc6 19. Rxd8 Raxd8 20. Ra1 Nxe4 21. Qh4 Bxc3 22. Bxh6 gxh6 23. Qxh6+ Kg8 24. Qxc6 Bxb2 25. Qxe4 {1-0 Alrehaili,A (2117)-Cheng,B (2588) 45th Olympiad 2024 (1.37)}) 11. Qe1 b5 12. a4 b4 13. Nd5 Nxd5 14. exd5 a5 15. c4 bxc3 16. bxc3 Bf6 17. Ra2 Re8 18. Qf2 Ba6 19. Bxa6 Rxa6 20. fxe5 Nxe5 21. Nd4 Qa8 22. Nb5 Re7 23. Ba3 Nc4 24. Re2 Rxe2 25. Qxe2 Qxd5 26. Nc7 Qc6 27. Nxa6 Nxa3 28. Re1 Be5 29. Qb2 Qxa4 30. Ra1 Qf4 31. g3 Qf3+ 32. Qg2 Qxc3 33. Qa8+ Kh7 34. Qe4+ g6 35. Rf1 Kg7 36. Qd5 Bf6 37. Nb8 Qc4 38. Qf3 Bc3 39. Nd7 Nb5 40. Rd1 Qe6 41. Nb6 Be5 42. Nd5 a4 43. Qd3 Nd4 44. Nf4 Qc8 45. Qe4 a3 46. Nd3 Bf6 47. Rf1 a2 48. Nb4 Qc4 0-1

[Event "45th Olympiad 2024"]
[Site "Budapest HUN"]
[Date "2024.09.11"]
[Round "1.37"]
[Board "4"]
[White "Smerdon, David C"]
[Black "Al Abdali, Zeyad Saleh"]
[Result "1-0"]
[WhiteElo "2475"]
[BlackElo "1780"]
[PlyCount "53"]
[EventDate "2024.09.11"]
[WhiteTeam "Australia"]
[BlackTeam "Saudi Arabia"]
[WhiteTeamCountry "AUS"]
[BlackTeamCountry "SAU"]

1. e4 c5 2. c3 Nf6 3. e5 Nd5 4. Nf3 e6 5. d4 cxd4 6. cxd4 d6 7. Bc4 Be7 8. O-O O-O 9. Qe2 Bd7 10. Nc3 Nxc3 11. bxc3 Bc6 12. exd6 ({RR} 12. Rd1 Qc7 13. exd6 Bxd6 14. Ne5 Nd7 15. Nxc6 bxc6 16. h3 Nf6 17. Qf3 c5 18. d5 exd5 19. Bxd5 Nxd5 20. Rxd5 Rfd8 21. Be3 Bf8 22. Rad1 Rxd5 23. Qxd5 Rb8 24. Qc4 Bd6 25. g3 Bxg3 26. Qxc5 a6 {1-0 Van Foreest,J (2702)-Volokitin,A (2681) Chess.com Rapid Wk1 Swiss 2022 (8)}) 12... Qxd6 ({RR} 12... Bxd6 13. Ne5 Qc7 14. f4 Nd7 15. Nxc6 Qxc6 16. Bd2 Nf6 17. Bd3 Qc7 18. Rf3 g6 19. Raf1 Rfe8 20. Kh1 Rac8 21. Rh3 Bf8 22. Qe5 Bg7 23. Qg5 Red8 24. Qh4 Qa5 25. f5 exf5 26. Bg5 Rd6 27. c4 {0-1 Banov,B (1972)-Xie,B (2281) See Chess IM2 2024 (6.3)}) 13. a4 Rc8 $146 ({RR} 13... Qc7 14. Ne5 Bd5 15. Bxd5 exd5 16. Qg4 Qc8 17. Qg3 Nc6 18. Bh6 Bf6 19. Ng4 Qf5 20. Rab1 b6 21. Rb5 Ne7 22. Nxf6+ Qxf6 23. Bg5 Qe6 24. Bxe7 Qxe7 25. Rxd5 Rac8 26. a5 Qa3 27. axb6 axb6 28. Qd6 {½-½ Maurizzi,M (2490)-Koch,J (2441) FRA-chT Top 16 GpA 2022 (7.4)}) 14. Ne5 Bd5 15. Bd3 Rxc3 16. Bxh7+ Kxh7 17. Qh5+ Kg8 18. Qxf7+ Kh7 19. Bf4 Nc6 20. Nxc6 Qxc6 21. Qxe7 Bxg2 22. Be5 Rg8 23. Qh4+ Kg6 24. Qg4+ Kf7 25. Qxg2 Qa6 26. Rac1 Qc6 27. d5 1-0

[Event "45th Olympiad 2024"]
[Site "Budapest HUN"]
[Date "2024.09.11"]
[Round "1.38"]
[Board "1"]
[White "Pelletier, Yannick"]
[Black "Njoroge, Martin"]
[Result "1-0"]
[WhiteElo "2526"]
[BlackElo "1972"]
[PlyCount "75"]
[EventDate "2024.09.11"]
[WhiteTeam "Switzerland"]
[BlackTeam "Kenya"]
[WhiteTeamCountry "SUI"]
[BlackTeamCountry "KEN"]

1. d4 d5 2. Nf3 e6 3. c4 Nf6 4. Bg5 Be7 5. e3 O-O 6. Nbd2 b6 7. Rc1 Bb7 8. cxd5 exd5 9. Bd3 Nbd7 10. O-O c5 11. b3 $146 ({RR} 11. dxc5 bxc5 12. Qc2 g6 13. Rfd1 Rc8 14. b3 Re8 15. Bb5 a6 16. Ba4 Rf8 17. Bh6 Re8 18. Qb2 Bf8 19. Bg5 Bg7 20. Qa3 Qa5 21. Nb1 Red8 22. Bxd7 Qxa3 23. Nxa3 Rxd7 24. Bxf6 Bxf6 25. Nc4 Rcc7 {1-0 Nakamura,H (2781)-Javakhadze,Z (2456) PRO League Stage rapid 2018 (5)}) ({RR} 11. Bb1 Rc8 12. dxc5 bxc5 13. Qc2 g6 14. b3 Qb6 15. Qc3 Qd6 16. Rfd1 Qb8 17. Bd3 Rfe8 18. Bb5 Bc6 19. Bxc6 Rxc6 20. Bf4 Qb7 21. Ne5 Nxe5 22. Bxe5 Nd7 23. Bf4 Bf8 24. Nf3 Rcc8 25. Qd3 Nb6 {1-0 Hernandez Guarin,S (1426)-Banol Banol,J (1500) COL-ch U16 Villavicencio 2022 (7)}) 11... Rc8 12. Ne5 Nxe5 13. dxe5 Ne4 14. Bf4 Nxd2 15. Qxd2 c4 16. Bf5 Ra8 17. bxc4 dxc4 18. Qc2 g6 19. Rfd1 Qc7 20. Bd7 Rfd8 21. e6 Qc5 22. Qxc4 Qxc4 23. Rxc4 fxe6 24. Bc7 Bd5 25. Bxd8 Rxd8 26. Rc7 Bxa2 27. Rxa7 Bd5 28. e4 Bc4 29. Rc1 Bb3 30. Bxe6+ Bxe6 31. Rxe7 Bc4 32. f3 b5 33. Rb7 h6 34. h4 Rd2 35. Ra1 Kh8 36. Ra8+ Bg8 37. Rbb8 Rxg2+ 38. Kxg2 1-0

[Event "45th Olympiad 2024"]
[Site "Budapest HUN"]
[Date "2024.09.11"]
[Round "1.38"]
[Board "3"]
[White "Georgiadis, Nico"]
[Black "Wanasunia, Elvis Likoko"]
[Result "1-0"]
[WhiteElo "2510"]
[BlackElo "1942"]
[PlyCount "55"]
[EventDate "2024.09.11"]
[WhiteTeam "Switzerland"]
[BlackTeam "Kenya"]
[WhiteTeamCountry "SUI"]
[BlackTeamCountry "KEN"]

1. d4 d5 2. c4 e6 3. Nf3 Nf6 4. g3 c5 5. cxd5 exd5 6. Nc3 Nc6 7. Bg2 h6 8. O-O Be6 9. b3 Rc8 10. Bb2 Be7 11. Rc1 b6 12. dxc5 Bxc5 ({RR} 12... d4 13. Nb5 bxc5 14. Nd2 O-O 15. Bxc6 Rxc6 16. Nxd4 Rd6 17. Nxe6 fxe6 18. Bxf6 Bxf6 19. Rc2 Bc3 20. Rxc3 Rxd2 21. Qe1 Rxa2 22. Rxc5 Qd4 23. Ra5 Rb2 24. Qa1 Qd2 25. Re5 Rf6 26. Qxa7 Rxb3 27. Qa8+ {½-½ Praczukowski,S (2103)-Kumala,A (2160) TCh-POL 2nd League 2024 (6.3)}) 13. Nb5 $146 ({RR} 13. Na4 Be7 14. Nd4 Nxd4 15. Qxd4 O-O 16. e3 Qd7 17. Qd3 Rfd8 18. Rxc8 Rxc8 19. Rd1 Bf5 20. Qe2 Rc2 21. Rd2 Bg4 22. f3 Rxd2 23. Qxd2 Be6 24. Nc3 Bb4 25. a3 Bd6 26. Ne2 Qe7 27. b4 Nd7 {½-½ Grillitsch,K (2285)-Posch,W (2180) AUT-chT 9495 1994}) ({RR} 13. a3 O-O 14. b4 Be7 15. Qd3 Qd7 16. Rfd1 Rfd8 17. e3 Bh3 18. Ne2 Bg4 19. Nf4 Kh8 20. b5 Na5 21. Ne5 Rxc1 22. Rxc1 Qe8 23. Nxg4 Nxg4 24. Bxd5 Bf6 25. Bxf6 Nxf6 26. Bxf7 Rxd3 27. Bxe8 Rd8 {1-0 Biebinger,G (2294)-Schmid,H (2143) Wuertemberg-ch Seniors 27th 2015 (8)}) 13... O-O 14. a3 Qd7 15. Bxf6 gxf6 16. b4 Be7 17. Nbd4 Ne5 18. Qd2 Kg7 19. Qe3 Ng4 20. Qf4 f5 21. Bh3 Bd6 22. Qd2 Be7 23. Nxe6+ fxe6 24. Bxg4 fxg4 25. Qd4+ e5 26. Nxe5 Bf6 27. Nxd7 Bxd4 28. Nxf8 1-0

[Event "45th Olympiad 2024"]
[Site "Budapest HUN"]
[Date "2024.09.11"]
[Round "1.40"]
[Board "1"]
[White "Blomqvist, Erik"]
[Black "Ndahangwapo, Heskiel"]
[Result "1-0"]
[WhiteElo "2491"]
[BlackElo "2011"]
[PlyCount "47"]
[EventDate "2024.09.11"]
[WhiteTeam "Sweden"]
[BlackTeam "Namibia"]
[WhiteTeamCountry "SWE"]
[BlackTeamCountry "NAM"]

1. e4 c5 2. Nf3 e6 3. d4 cxd4 4. Nxd4 a6 5. c4 Nf6 6. Nc3 Qc7 7. a3 Nc6 8. Be3 Ne5 9. Be2 h5 ({RR} 9... Ng6 10. O-O Bd6 11. g3 Be7 12. Rc1 d6 13. h4 Bd7 14. b4 O-O 15. h5 Ne5 16. h6 g6 17. f4 Nc6 18. Bf3 Nxd4 19. Qxd4 Rfd8 20. e5 Ne8 21. exd6 Bxd6 22. Ne4 e5 23. Qb2 Bh3 24. Rfd1 {1-0 Zelcic,R (2528)-Epishin,V (2598) Schwarzach op 28th 2013 (8)}) 10. h3 Nxc4 $146 ({RR} 10... Ng6 11. Qd2 b6 12. f4 Bb7 13. Bd3 h4 14. O-O Nh5 15. b4 Ng3 16. Rfe1 Be7 17. Rac1 d6 18. Qf2 Nf8 19. Nde2 Nxe2+ 20. Rxe2 Nd7 21. Na4 Bd8 22. c5 dxc5 23. bxc5 b5 24. Nb6 Nxb6 25. cxb6 {½-½ Solak,D (2355)-Ionescu,C (2515) Bucharest primaver 1997 (2)}) ({RR} 10... Bc5 11. f4 Bxd4 12. Qxd4 Nc6 13. Qd3 g5 14. e5 gxf4 15. Bxf4 Nxe5 16. Qd4 d6 17. c5 Qd8 18. cxd6 Nc6 19. Qe3 Qa5 20. O-O Rg8 21. b4 Qf5 22. Bd3 Nd5 23. Bxf5 Nxe3 24. Bxe3 exf5 25. Nd5 {1-0 Klimek,M (1881)-Binkowska,A (1871) Wroclaw Open B 2024 (6.1)}) ({RR} 10... Bc5 11. b4 Ba7 12. Rc1 Ng6 13. Qd2 b6 14. f4 Bb7 15. Bd3 e5 16. Nd5 Qd8 17. Nf5 Bxd5 18. cxd5 b5 19. Bxa7 Rxa7 20. Nd6+ Ke7 21. Nc8+ Qxc8 22. d6+ Kxd6 23. Be2+ Ke7 24. Rxc8 Rxc8 25. fxe5 {1-0 Tatai,S-Zichichi,A ITA-ch31 Sottomarina 1970 (4)}) 11. Bxc4 Qxc4 12. Rc1 Qc7 13. Ncb5 Qb8 14. Nc7+ Kd8 15. O-O Ra7 16. Ndxe6+ fxe6 17. Nxe6+ Ke7 18. Nf4 Rh6 19. e5 Qxe5 20. Rxc8 Kf7 21. Qb3+ d5 22. Bxa7 Qxf4 23. Qxb7+ Kg8 24. Be3 1-0

[Event "45th Olympiad 2024"]
[Site "Budapest HUN"]
[Date "2024.09.11"]
[Round "1.40"]
[Board "2"]
[White "Eichab, Charles"]
[Black "Hillarp Persson, Tiger"]
[Result "0-1"]
[WhiteElo "2013"]
[BlackElo "2457"]
[PlyCount "58"]
[EventDate "2024.09.11"]
[WhiteTeam "Namibia"]
[BlackTeam "Sweden"]
[WhiteTeamCountry "NAM"]
[BlackTeamCountry "SWE"]

1. c4 e5 2. Nc3 Bb4 3. g3 Bxc3 4. bxc3 d6 5. Bg2 Nc6 6. d3 Nge7 7. Nf3 O-O 8. O-O ({RR} 8. e4 Be6 9. O-O f6 10. Be3 Qd7 11. Nd2 b6 12. f4 Bg4 13. Nf3 exf4 14. gxf4 f5 15. h3 Bh5 16. Qe1 Rae8 17. Qh4 Bxf3 18. Bxf3 fxe4 19. dxe4 Nf5 20. exf5 Rxe3 21. Bd5+ Kh8 22. Rae1 Rxc3 {½-½ Peyrer,K (2425)-Gavrilescu,D (2534) 51st Sparkassen Open A 2024 (7.4)}) 8... h6 9. Ne1 Be6 10. f4 $146 ({RR} 10. Rb1 Rb8 11. Be3 b6 12. Nc2 Qd7 13. Nb4 Na5 14. Bd2 f5 15. f4 e4 16. Be3 Rbe8 17. Nc2 d5 18. c5 d4 19. Bxd4 Bxa2 20. Rb2 Bd5 21. cxb6 cxb6 22. Ne3 Ba8 23. Be5 Qc8 24. c4 Rd8 {1-0 Damm,H (1506)-Bernstein,J (1665) Helsingor Xtracon op 2017 (9)}) ({RR} 10. Nc2 Qd7 11. Nb4 Bh3 12. Nd5 Bxg2 13. Kxg2 f5 14. Rb1 b6 {½-½ Bukal,V (2419)-Fercec,N (2512) CRO-chT Sibenik 2005 (3.3)}) 10... Qd7 11. Nf3 Bh3 12. Bd2 Bxg2 13. Kxg2 Rae8 14. Rf2 Ng6 15. Qc1 f5 16. e3 e4 17. Ne1 exd3 18. Qb1 Na5 19. Qxd3 c5 20. Nc2 Re4 21. Na3 Ne7 22. Rd1 Qe6 23. Bc1 Rd8 24. h3 Kh7 25. Kf3 Nxc4 26. g4 fxg4+ 27. hxg4 Ne5+ 28. Kxe4 Qg6+ 29. f5 Qxg4+ 0-1

[Event "45th Olympiad 2024"]
[Site "Budapest HUN"]
[Date "2024.09.11"]
[Round "1.40"]
[Board "4"]
[White "Khoa, Goodwill"]
[Black "Pantzar, Milton"]
[Result "0-1"]
[WhiteElo "1890"]
[BlackElo "2437"]
[PlyCount "88"]
[EventDate "2024.09.11"]
[WhiteTeam "Namibia"]
[BlackTeam "Sweden"]
[WhiteTeamCountry "NAM"]
[BlackTeamCountry "SWE"]

1. e4 e5 2. Nf3 Nc6 3. Bc4 Nf6 4. Nc3 Nxe4 5. Nxe5 Nxe5 6. Qe2 Nxc4 7. Nxe4 ({RR} 7. Qxe4+ Qe7 8. Qxe7+ Bxe7 9. O-O O-O 10. d3 Ne5 11. Re1 Ng6 12. Nd5 Bd6 13. Bg5 f6 14. Bd2 c6 15. Nb4 a5 {0-1 Koutecka,M (1042)-Frydel,H (1103) EU Union-ch U10 2022 (7)}) 7... Be7 8. Nf6+ $146 ({RR} 8. Qxc4 d5 9. Qd4 dxe4 10. Qxg7 Bf6 11. Qh6 Bg4 12. Qf4 Be6 13. O-O Qe7 14. Qxe4 O-O-O 15. d3 Bd5 16. Qg4+ Kb8 17. g3 Be6 18. Qf3 h5 19. Bf4 Bd5 20. Qd1 h4 21. Re1 Qd7 22. f3 hxg3 {0-1 Stubsgaard,A (1061)-Munksgaard,D (2022) North Sea Cup 23th 2008 (3)}) ({RR} 8. Qxc4 d5 9. Qd4 dxe4 10. Qxe4 O-O 11. O-O c6 12. d3 Re8 13. Re1 Be6 14. Bd2 Bf6 15. c3 Qd7 16. d4 Bxa2 17. Qd3 Rxe1+ 18. Rxe1 c5 19. Ra1 Be6 20. Be3 cxd4 21. cxd4 a6 22. Rd1 Bd5 {0-1 Zamuda,A-Krivec,J (2120) SLO-ch U16 Maribor 1997}) 8... gxf6 9. Qxc4 d5 10. Qe2 Rg8 11. g3 Bh3 12. d4 Qd7 13. Be3 O-O-O 14. O-O-O Rde8 15. a3 Bf8 16. Qd2 Bg2 17. Rhg1 Bf3 18. Rde1 Bd6 19. h4 Re6 20. Qc3 Rge8 21. Bd2 Rxe1+ 22. Rxe1 Rxe1+ 23. Bxe1 Qe6 24. b4 Qe2 25. Qd2 Qxd2+ 26. Kxd2 Be4 27. c3 Kd7 28. Ke3 Bb1 29. Kd2 Bf8 30. Ke3 Kc6 31. a4 Bc2 32. a5 Kb5 33. Kd2 Bg6 34. f4 Bf5 35. Bf2 b6 36. axb6 cxb6 37. Be1 Kc4 38. Bf2 a5 39. bxa5 bxa5 40. Be1 a4 41. Kc1 Ba3+ 42. Kd1 Bb2 43. g4 Bxg4+ 44. Kc2 a3 0-1

[Event "45th Olympiad 2024"]
[Site "Budapest HUN"]
[Date "2024.09.11"]
[Round "1.41"]
[Board "2"]
[White "Suleymenov, Alisher"]
[Black "Yeung, Jason"]
[Result "1-0"]
[WhiteElo "2484"]
[BlackElo "1993"]
[PlyCount "97"]
[EventDate "2024.09.11"]
[WhiteTeam "Kazakhstan"]
[BlackTeam "Suriname"]
[WhiteTeamCountry "KAZ"]
[BlackTeamCountry "SUR"]

1. d4 d5 2. c4 c6 3. Nf3 Nf6 4. Nc3 dxc4 5. e4 b5 6. a4 b4 7. Na2 a5 8. e5 ({RR} 8. Bxc4 Ba6 9. Bxa6 Nxa6 10. e5 Nd5 11. e6 f6 12. O-O g6 13. Bd2 Bg7 14. Nc1 c5 15. Qe2 O-O 16. Nb3 Qd6 17. Nxa5 cxd4 18. Nxd4 f5 19. Nc4 Qc5 20. Nb5 Nac7 21. Nxc7 Qxc7 22. a5 f4 {0-1 Ter Sahakyan,S (2616)-Kosteniuk,A (2488) Titled Tue 2nd Jul Early 2024 (4)}) 8... Nd5 9. Bxc4 e6 10. Bg5 Qb6 $146 ({RR} 10... Be7 11. Bxe7 Qxe7 12. O-O Ba6 13. Qd3 Bxc4 14. Qxc4 Nb6 15. Qc2 O-O 16. Nc1 Rc8 17. Nb3 N8d7 18. Rac1 h6 19. Nfd2 f6 20. f4 f5 21. Nc4 Nxc4 22. Qxc4 Kf7 23. g3 Nb6 24. Qc5 Nd7 25. Qxe7+ {1-0 Rains,T (1834)-Qin,O (1430) NZL-ch Major op 2019 (1)}) ({RR} 10... Be7 11. Bxe7 Qxe7 12. Nc1 O-O 13. O-O Nd7 14. Nb3 Bb7 15. Rc1 N5b6 16. Bd3 Rfc8 17. Be4 Nd5 18. Qc2 h6 19. Nc5 Nxc5 20. Qxc5 Qxc5 21. Rxc5 Nb6 22. b3 Nd5 23. Bxd5 cxd5 {½-½ Di Franco,P (2059)-Wilke,C (1958) Mittelrhein Verbandsliga-S 17/18 2017 (5.4)}) 11. O-O h6 12. Bh4 Ba6 13. Rc1 Nd7 14. Re1 g5 15. Bg3 Be7 16. h3 Bxc4 17. Rxc4 c5 18. dxc5 Nxc5 19. Nd4 Rd8 20. Nc1 Qa6 21. Qc2 Nb6 22. Rxc5 Rxd4 23. Rb5 O-O 24. Qc6 Bd8 25. Nb3 Rc4 26. Nc5 Qc8 27. Qxc8 Nxc8 28. Nd7 Re8 29. Nf6+ Kf8 30. Nxe8 Kxe8 31. f3 Rc2 32. Bf2 Ne7 33. Rb1 Nd5 34. Rc5 Rxf2 35. Kxf2 Bb6 36. Rbc1 Nc3 37. bxc3 Bxc5+ 38. Ke2 Kd7 39. cxb4 Bxb4 40. Kd3 h5 41. Ke4 h4 42. Rc2 Be7 43. f4 gxf4 44. Kxf4 Ke8 45. Kg4 Kd7 46. Rf2 Ke8 47. Kh5 Kf8 48. Rf4 Kg7 49. Rc4 1-0

[Event "45th Olympiad 2024"]
[Site "Budapest HUN"]
[Date "2024.09.11"]
[Round "1.42"]
[Board "2"]
[White "Zebaze Dongmo Loic Dylane"]
[Black "Meshkovs, Nikita"]
[Result "0-1"]
[WhiteElo "1914"]
[BlackElo "2534"]
[PlyCount "100"]
[EventDate "2024.09.11"]
[WhiteTeam "Cameroon"]
[BlackTeam "Latvia"]
[WhiteTeamCountry "CAM"]
[BlackTeamCountry "LAT"]

1. d4 Nf6 2. Nc3 d6 3. e4 Nbd7 4. Nf3 e5 5. dxe5 dxe5 6. Bd3 c6 ({RR} 6... Bb4 7. O-O O-O 8. Bd2 c6 9. a3 Be7 10. b4 Qc7 11. g3 Rd8 12. Kg2 Nf8 13. Be2 Ne6 14. Bd3 Nd4 15. Nxd4 exd4 16. Ne2 b6 17. Bf4 Bd6 18. Bg5 Be7 19. Bf4 Bd6 20. Bxd6 Qxd6 21. Rb1 {0-1 Montero Melendez,R (2336)-Koc,P (2346) Titled Tue 27th Jun Late 2023 (1)}) 7. O-O Qc7 8. a4 $146 ({RR} 8. Re1 Be7 9. h3 O-O 10. Be3 Nc5 11. Qe2 b5 12. a3 a5 13. Nd2 Be6 14. a4 Nxd3 15. Qxd3 b4 16. Nd1 c5 17. c4 Nh5 18. Nf3 Rad8 19. Qc2 Nf4 20. b3 Nd3 21. Re2 f5 22. Ng5 Bc8 {0-1 Jakaityte,R (1925)-Batyte,D (2066) LTU-chT (Women) 2015 (7.3)}) ({RR} 8. h3 Bb4 9. Bd2 Nc5 10. Re1 Nxd3 11. cxd3 O-O 12. Na4 Bxd2 13. Qxd2 Re8 14. b3 Qd6 15. Qc3 b6 16. Nb2 b5 17. Rec1 Bb7 18. Qc5 Qxc5 19. Rxc5 Nd7 20. Rcc1 c5 21. Nd2 Red8 22. f3 f6 {½-½ Gismann,J (1734)-Bassen,C (1728) Sachsen-Anhalt Landesliga A 18/19 2018 (3.8)}) 8... Nc5 9. h3 h6 10. Nh4 Be6 11. Qf3 Nxd3 12. Qxd3 Nh5 13. Ne2 g6 14. Qf3 Ng7 15. Qf6 Qe7 16. Qxe7+ Bxe7 17. Nf3 f6 18. Rd1 Bf7 19. Be3 Ne6 20. Rd3 Nc5 21. Bxc5 Bxc5 22. b3 Rd8 23. Rad1 Rxd3 24. Rxd3 Ke7 25. Kf1 a5 26. c4 Bb4 27. Nc3 Rb8 28. Na2 Bc5 29. Nc3 h5 30. Ke2 Be6 31. Nd2 h4 32. f3 f5 33. Kd1 Rh8 34. Ke2 Rh5 35. Kf1 Bb4 36. Ke2 Rh8 37. Kf1 Kf6 38. Ke2 Kg5 39. Kf2 Rb8 40. Na2 Bc5+ 41. Ke2 Kf4 42. Nc3 Bb4 43. Ncb1 Re8 44. Kf2 Re7 45. Rd8 Rd7 46. Rxd7 Bxd7 47. exf5 Bxf5 48. Ke2 Bc2 49. Kf2 Bd3 50. Kg1 Ke3 0-1

[Event "45th Olympiad 2024"]
[Site "Budapest HUN"]
[Date "2024.09.11"]
[Round "1.42"]
[Board "3"]
[White "Kantans, Toms"]
[Black "Amba Oyon Marius Claude"]
[Result "1-0"]
[WhiteElo "2486"]
[BlackElo "1975"]
[PlyCount "77"]
[EventDate "2024.09.11"]
[WhiteTeam "Latvia"]
[BlackTeam "Cameroon"]
[WhiteTeamCountry "LAT"]
[BlackTeamCountry "CAM"]

1. e4 c5 2. Nf3 e6 3. d4 cxd4 4. Nxd4 a6 5. Bd3 Qc7 6. O-O Nf6 7. Qe2 d6 8. c4 Nbd7 9. f4 h5 ({RR} 9... Nc5 10. Bc2 e5 11. Nf5 Qb6 12. Kh1 g6 13. Ne3 Bg7 14. Nc3 exf4 15. Ned5 Qd8 16. Bxf4 Nh5 17. Be3 Be5 18. g4 Ng7 19. Bf4 Bxf4 20. Rxf4 Nd7 21. Ba4 b5 22. cxb5 Ne6 23. Rf2 O-O 24. b6 {1-0 Eliseev,U (2486)-Almasi,Z (2707) Chigorin Memorial 20th 2012 (5)}) 10. Kh1 Ng4 $146 ({RR} 10... b6 11. Nc3 Bb7 12. f5 Nc5 13. Bc2 exf5 14. Nd5 Bxd5 15. exd5+ Qe7 16. Qxe7+ Kxe7 17. Bg5 Kd8 18. Bxf5 Kc7 19. b4 Nb7 20. Rae1 Ne8 21. Bg6 Nf6 22. Bxf7 Nd8 23. Bg6 b5 24. cxb5 axb5 25. Nxb5+ {1-0 Quinteros,M-Debarnot,R Zonal South America Sao Paulo 1972 (3)}) ({RR} 10... Be7 11. Nc3 b6 12. Bd2 Bb7 13. f5 e5 14. Nb3 Rc8 15. Nd5 Qb8 16. a4 a5 17. Be3 Bd8 18. Nd2 Nc5 19. Bxc5 Rxc5 20. Nb1 Bxd5 21. cxd5 h4 22. Bb5+ Kf8 23. Bc6 b5 24. axb5 Bb6 25. b4 {1-0 Piccoli,L (2177)-Nunes,M (1939) Zonal 2.4 2022 (5.10)}) ({RR} 10... Be7 11. Nc3 h4 12. Bd2 b6 13. Rae1 h3 14. g4 Nc5 15. g5 Nxd3 16. Qxd3 Nd7 17. g6 Nc5 18. gxf7+ Kxf7 19. Qf3 Bf6 20. Nb3 Nd7 21. Kg1 Bb7 22. f5 Qxc4 23. Rc1 Rac8 24. Nd5 exd5 25. Rxc4 {0-1 Martin Alvarez,I (2239)-Meijers,V (2483) San Sebastian op 19th 2009 (9)}) 11. Nc3 Be7 12. Bd2 Qb6 13. Nb3 Nc5 14. Nxc5 Qxc5 15. b4 Qa7 16. h3 f6 17. g3 Nh6 18. Be3 b6 19. Qxh5+ Nf7 20. Qg6 Kf8 21. h4 Qb7 22. Kg1 b5 23. cxb5 axb5 24. Nxb5 f5 25. exf5 Rh6 26. Qg4 exf5 27. Qf3 Qxf3 28. Rxf3 Bb7 29. Rf2 Rg6 30. Kh2 Nh6 31. Kh3 Ba6 32. a4 Rb8 33. Rc1 Bd8 34. Re2 Bb7 35. Nd4 Bf6 36. Nxf5 Bc8 37. Rxc8+ Rxc8 38. Nxd6 Rd8 39. Bxg6 1-0